| 000 -LEADER |
| fixed length control field |
00922nam a22001457a 4500 |
| 008 - FIXED-LENGTH DATA ELEMENTS--GENERAL INFORMATION |
| fixed length control field |
260508b ||||| |||| 00| 0 eng d |
| 100 ## - MAIN ENTRY--PERSONAL NAME |
| Personal name |
Emerson, Shanimol and Nair, Sindhu S. |
| 245 ## - TITLE STATEMENT |
| Title |
Climate chance and energy resilience: An analytical study of the power sector in Kerala |
| 260 ## - PUBLICATION, DISTRIBUTION, ETC. (IMPRINT) |
| Place of publication, distribution, etc |
Social Science in Perspective |
| 300 ## - PHYSICAL DESCRIPTION |
| Extent |
18(1), Jan-Mar, 2026: p.110-147 |
| 520 ## - SUMMARY, ETC. |
| Summary, etc |
Kerala has been experiencing severs climate changes, mirroring a global challenge that effects multiple sectors, including energy. The state’s energy infrastructure is particularly vulnerable to rising temperatures, shafting precipitation patterns, and the increasing frequency of extreme weather events. –Reproduced |
| 650 ## - SUBJECT ADDED ENTRY--TOPICAL TERM |
| Topical term or geographic name as entry element |
Climate change, electricity demand, Electricity supply, Kerala, Power crisis, energy efficiency, Adaptation strategies. |
| 9 (RLIN) |
60453 |
| 773 ## - HOST ITEM ENTRY |
| Main entry heading |
Social Science in Perspective |
| 942 ## - ADDED ENTRY ELEMENTS (KOHA) |
| Item type |
Articles |